000 00326nam a2200121Ia 4500
005 20260328104245.0
008 260328s9999||||xx |||||||||||||| ||und||
100 _aHarth-Terré, Emilio
245 0 _aPeru :
_b Monumentos Históricos y Arqueológicos /
_cEmilio Harth-Terré
300 _a252 p.
650 _aPERÚ
942 _cBK
999 _c10030
_d10030